Odvetvové modely strednodobej prognózy etapavá úloha ŠPEV-V-4/3.25
Gespeichert in:
| 1. Verfasser: | |
|---|---|
| Format: | Buch |
| Sprache: | Slowakisch |
| Veröffentlicht: |
Bratislava
Výskumný ústav finančnej a úverovej sústavy
1980
|
| Schriftenreihe: | Výskumné práce VP
4/81 |
| Tags: |
Keine Tags, Fügen Sie das erste Tag hinzu!
|
MARC
| LEADER | 00000nam a2200000 4500 | ||
|---|---|---|---|
| 001 | c129129 | ||
| 005 | 20181203150425.8 | ||
| 041 | 0 | |a slo | |
| 044 | |a SK | ||
| 245 | 1 | 0 | |a Odvetvové modely strednodobej prognózy |b etapavá úloha ŠPEV-V-4/3.25 |c Miloslava Orálková |
| 264 | 1 | |a Bratislava |b Výskumný ústav finančnej a úverovej sústavy |c 1980 | |
| 300 | |a 94 s. | ||
| 490 | 1 | |a Výskumné práce VP |v 4/81 | |
| 830 | 0 | |a Výskumné práce VP |v 4/81 | |
| 100 | 1 | |a Orálková, Miloslava | |